[Event "I Weekend A"]
[Site "Noale ITA"]
[Date "2008.02.09"]
[Round "3"]
[White "Marchiori, Diego"]
[Black "Bonafede, Alessandro"]
[Result "0-1"]
[WhiteElo "2077"]
[BlackElo "2299"]
[PlyCount "78"]
[EventDate "2008.02.08"]

1. e4 c5 2. Nf3 Nc6 3. c4 d6 4. d4 cxd4 5. Nxd4 Nf6 6. Nc3 g6 7. Be2 Bg7 8. Be3
O-O 9. O-O Bd7 10. Qd2 Nxd4 11. Bxd4 Bc6 12. f3 Nd7 13. Be3 a5 14. Rac1 Nc5 15.
b3 Qb6 16. Nd5 Bxd5 17. cxd5 Qb4 18. Rfd1 Rfc8 19. Rc4 Qxd2 20. Rxd2 b5 21. Rc1
b4 22. Rdc2 a4 23. Bd2 axb3 24. axb3 Bc3 25. Rb1 Nxb3 26. Bxc3 Rxc3 27. Rcb2
Nc1 28. Bd1 Nd3 29. Rd2 Rb8 30. Be2 Nc5 31. Rdb2 b3 32. Bd1 Kg7 33. Kf1 Kf6 34.
Ke2 Ke5 35. Kd2 Kd4 36. Ra1 Rd3+ 37. Kc1 Kc3 38. Rab1 Re3 39. Be2 Nd3+ 0-1

[Event "I Weekend A"]
[Site "Noale ITA"]
[Date "2008.02.09"]
[Round "3"]
[White "Pastres, Roberto"]
[Black "Verducci, Gianni"]
[WhiteElo "2123"]
[BlackElo "2018"]
[Result "1-0"]
[PlyCount "95"]
[EventDate "2008.02.08"]

1. Nf3 Nf6 2. b3 g6 3. Bb2 Bg7 4. c4 O-O 5. d3 Nc6 6. g3 Re8 7. Bg2 e5 8. e4 d6
9. h3 a5 10. a3 Nd7 11. O-O Nc5 12. Nc3 Be6 13. Rb1 Qd7 14. Kh2 Rf8 15. Ba1 b6
16. b4 axb4 17. axb4 Nb7 18. Nd5 Ra2 19. d4 exd4 20. Nxd4 Ne5 21. Qb3 Rfa8 22.
Nxe6 fxe6 23. Nc3 R2a3 24. Qd1 c6 25. Bb2 R3a7 26. Qe2 Rd8 27. f4 Nf7 28. Rfd1
Qe7 29. Ra1 Rda8 30. Rxa7 Rxa7 31. Qc2 h6 32. Qb3 Kh7 33. Ne2 Nfd8 34. e5 d5
35. cxd5 cxd5 36. Nd4 Bf8 37. Bc3 Ra8 38. Bf1 Rc8 39. Bd3 Nc6 40. Nxc6 Rxc6 41.
Bd2 Nd8 42. h4 h5 43. Bb1 Rc4 44. Qf3 Kg7 45. f5 exf5 46. Bg5 Qxe5 47. Bxd8
Rxh4+ 48. Bxh4 1-0

[Event "I Weekend A"]
[Site "Noale ITA"]
[Date "2008.02.09"]
[Round "3"]
[White "Scali, Fausto"]
[Black "Omeri, Silvan"]
[WhiteElo "2029"]
[BlackElo "2191"]
[Result "0-1"]
[PlyCount "129"]
[EventDate "2008.02.08"]

1. e4 Nf6 2. e5 Nd5 3. c4 Nb6 4. d4 d6 5. f4 dxe5 6. fxe5 c5 7. d5 e6 8. Nc3
Na6 9. a3 Qh4+ 10. g3 Qd4 11. Qxd4 cxd4 12. Nb5 exd5 13. cxd5 Nxd5 14. Nxd4 Bc5
15. Ngf3 O-O 16. b4 Bb6 17. Bd2 Bg4 18. h3 Bh5 19. g4 Bg6 20. Nf5 Nac7 21. Bc4
a5 22. b5 Bc5 23. Nd6 b6 24. Ke2 Rab8 25. Rhd1 Rfd8 26. Bxd5 Nxd5 27. Bg5 Nc3+
28. Ke1 Nxd1 29. Bxd8 Rxd8 30. Kxd1 f6 31. Ke2 Bxd6 32. exd6 Rxd6 33. Rd1 Re6+
34. Kf2 h5 35. Nh4 Kh7 36. Nxg6 Kxg6 37. gxh5+ Kxh5 38. Rd7 g5 39. Rh7+ Kg6 40.
Rb7 Rd6 41. Ke3 Kf5 42. Rb8 Ke5 43. Rb7 f5 44. Rg7 Rh6 45. Rxg5 Rxh3+ 46. Kf2
Rxa3 47. Rg6 Kf4 48. Rxb6 Ra2+ 49. Ke1 Rb2 50. Rb8 Ke3 51. Re8+ Kf3 52. Re5
Rb1+ 53. Kd2 f4 54. b6 Rxb6 55. Rxa5 Kf2 56. Ra2 Rd6+ 57. Kc1+ Kg3 58. Ra7 f3
59. Rg7+ Kf2 60. Re7 Rg6 61. Rf7 Kg2 62. Ra7 f2 63. Ra2 Re6 64. Rd2 Kg1 65.
Rxf2 0-1

[Event "I Weekend A"]
[Site "Noale ITA"]
[Date "2008.02.09"]
[Round "3"]
[White "Vezzosi, Paolo"]
[Black "Mateo, Ramon"]
[WhiteElo "2343"]
[BlackElo "2484"]
[Result "0-1"]
[PlyCount "110"]
[EventDate "2008.02.08"]

1. d4 Nf6 2. Bf4 c5 3. dxc5 Qa5+ 4. c3 Qxc5 5. Nf3 d6 6. Nbd2 Nbd7 7. e4 e6 8.
Bd3 Be7 9. O-O O-O 10. Qe2 Ne5 11. Nxe5 dxe5 12. Be3 Qc7 13. a4 Bd7 14. Bb5
Rac8 15. Rfd1 Rfd8 16. a5 Bc5 17. Bxc5 Qxc5 18. Bxd7 Rxd7 19. Nb3 Rxd1+ 20.
Rxd1 Qc6 21. f3 h5 22. h4 Qa4 23. Qc2 Nh7 24. Rd6 Nf8 25. Qd1 Qa2 26. Qc2 Ng6
27. g3 Qa4 28. Qd1 Qa2 29. Qc2 Ne7 30. Rd7 Nc6 31. Rxb7 Rd8 32. Kg2 Nxa5 33.
Nc1 Qc4 34. Rxa7 Qb5 35. b3 Qc5 36. Qf2 Qxc3 37. Na2 Qd2 38. b4 Nc4 39. Qxd2
Rxd2+ 40. Kh1 Rb2 41. Ra4 Nd2 42. Ra3 Nf1 43. f4 Nd2 44. Nc3 exf4 45. Ra2 Rxa2
46. Nxa2 f3 47. Kg1 Nxe4 48. b5 f2+ 49. Kg2 Nxg3 50. Kxf2 Ne4+ 51. Ke3 Nd6 52.
Nc3 e5 53. Kd3 f5 54. b6 Kf7 55. Nb5 Ke6 0-1

[Event "I Weekend A"]
[Site "Noale ITA"]
[Date "2008.02.09"]
[Round "3"]
[White "Vianello, Enrico"]
[Black "Ruggeri, Pietro"]
[Result "1-0"]
[WhiteElo "2161"]
[BlackElo "2112"]
[PlyCount "85"]
[EventDate "2008.02.08"]

1. d4 d5 2. c4 e5 3. dxe5 d4 4. a3 Nc6 5. Nf3 Bg4 6. Nbd2 Nge7 7. b4 Ng6 8. Bb2
Ngxe5 9. b5 Qe7 10. Qb1 Bxf3 11. gxf3 Na5 12. Qc2 d3 13. Qc3 Naxc4 14. Nxc4
Nxf3+ 15. Kd1 dxe2+ 16. Bxe2 O-O-O+ 17. Bd3 Qh4 18. Kc1 Qf4+ 19. Kb1 Be7 20.
Rd1 Bf6 21. Qc1 Qg4 22. Bxf6 gxf6 23. Qc3 Ne5 24. Ka2 Rxd3 25. Rxd3 Qxc4+ 26.
Qxc4 Nxc4 27. Rc1 Ne5 28. Rdc3 c6 29. f4 Ng6 30. bxc6 b6 31. Re3 Rd8 32. c7 Rg8
33. Re4 f5 34. Ra4 a5 35. Rd4 Re8 36. Rd6 Ne7 37. Rxb6 Kd7 38. Rb8 Nc8 39. Rb5
Re2+ 40. Kb1 Rd2 41. Rxf5 Nd6 42. Rxf7+ Kc8 43. Rf8+ 1-0

[Event "I Weekend A"]
[Site "Noale ITA"]
[Date "2008.02.09"]
[Round "3"]
[White "Vincenzi, Marco"]
[Black "Del Monaco, Andrea"]
[WhiteElo "2074"]
[BlackElo "2263"]
[Result "0-1"]
[PlyCount "56"]
[EventDate "2008.02.08"]

1. e4 c5 2. Nf3 e6 3. b3 d6 4. Bb2 e5 5. Be2 Nf6 6. d3 Nc6 7. O-O g6 8. Nfd2
Bh6 9. Nc3 O-O 10. Nc4 Nd4 11. a4 Kh8 12. Nb5 Ne8 13. f4 f6 14. g3 Be6 15. Nxd4
cxd4 16. Bg4 Bg8 17. Ba3 exf4 18. gxf4 f5 19. exf5 gxf5 20. Bh3 Qh4 21. Qf3 Nf6
22. Bxd6 Bd5 23. Qg3 Rg8 24. Bg2 Rxg3 25. hxg3 Qxg3 26. Rf2 Ng4 27. Be5+ Nxe5
28. Nxe5 Bxf4 0-1

[Event "I Weekend A"]
[Site "Noale ITA"]
[Date "2008.02.09"]
[Round "3"]
[White "Xia, Jie"]
[Black "Rigo, Gianfrancesco"]
[Result "1-0"]
[WhiteElo "2222"]
[BlackElo "2031"]
[PlyCount "119"]
[EventDate "2008.02.08"]

1. e4 c5 2. Nf3 g6 3. Bc4 Bg7 4. O-O Nc6 5. c3 e6 6. Qe2 Nge7 7. Rd1 d5 8. exd5
exd5 9. Bb5 O-O 10. Bxc6 Nxc6 11. d4 c4 12. b3 b5 13. a4 bxa4 14. bxc4 Ba6 15.
Nbd2 Re8 16. Qd3 dxc4 17. Qc2 Bb5 18. Ne4 Qd5 19. Ng3 Rad8 20. Ba3 Na5 21. Re1
Bc6 22. Rad1 Nb3 23. Be7 Rc8 24. Bb4 Bh6 25. Re5 Qd7 26. d5 Ba8 27. Ne4 Bg7 28.
Rxe8+ Rxe8 29. Nd6 Rd8 30. Ng5 a5 31. Ba3 Rf8 32. Qe4 h6 33. Nf3 Rd8 34. Qxc4
Rb8 35. Qf4 g5 36. Qg3 f5 37. Nxf5 Re8 38. Qg4 Qa7 39. Nd6 Re2 40. Nd4 Nxd4 41.
cxd4 Qa6 42. h4 Bxd5 43. hxg5 Be6 44. Qh5 hxg5 45. Qxg5 Qb6 46. Ne8 Qb7 47.
Nf6+ Kf7 48. Qh5+ Kxf6 49. Qxe2 Qd5 50. Qd2 Kf7 51. Bc5 Qh5 52. Qf4+ Kg8 53.
Re1 Bd5 54. Qb8+ Kh7 55. Re3 Qg6 56. Rh3+ Bh6 57. Rg3 Qf7 58. Bd6 Bg7 59. Be5
Bf8 60. Qb1+ 1-0

[Event "I Weekend A"]
[Site "Noale ITA"]
[Date "2008.02.09"]
[Round "3"]
[White "Zangrando, Gianpietro"]
[Black "Pomaro, Alberto"]
[Result "0-1"]
[WhiteElo "1830"]
[BlackElo "2153"]
[PlyCount "142"]
[EventDate "2008.02.08"]

1. c4 Nf6 2. Nc3 g6 3. g3 Bg7 4. Bg2 O-O 5. Nf3 d6 6. d4 Nc6 7. O-O Rb8 8. Re1
a6 9. d5 Na5 10. Nd2 c5 11. a4 e6 12. Qc2 Ne8 13. Rb1 exd5 14. Nxd5 Nc6 15. b3
Nc7 16. Nxc7 Qxc7 17. Bb2 Nd4 18. Qd3 Bd7 19. e3 Bf5 20. Ne4 Nc6 21. Bxg7 Kxg7
22. Rbd1 Rbd8 23. Qc3+ f6 24. Rd2 Qe7 25. Ng5 Qe5 26. Qxe5 dxe5 27. Rxd8 Rxd8
28. Ne4 Bxe4 29. Bxe4 Rd6 30. Bd5 f5 31. f4 e4 32. Kf1 Na5 33. Rb1 Rb6 34. Ke2
Nxb3 35. Kd1 Rb4 36. Kc2 Na5 37. Rxb4 cxb4 38. c5 Kf6 39. h4 Ke7 40. Kb2 Kd7
41. Kc2 Kc7 42. Kb2 Nc6 43. Kb3 Ne7 44. Bf7 Kc6 45. Kc4 b3 46. Be8+ Kc7 47.
Kxb3 Nd5 48. Bf7 Nxe3 49. Bg8 h6 50. Bf7 Nf1 51. Kc3 Nxg3 52. Kd4 Ne2+ 53. Ke3
Nc3 54. Kd4 Nxa4 55. Bxg6 e3 56. Bh5 Kd7 57. Bd1 Kc7 58. Be2 Kc6 59. Bf3+ Kb5
60. Be2+ Kb4 61. c6 bxc6 62. Bxa6 Nc3 63. Kxe3 c5 64. Bc8 Nd5+ 65. Kd2 Ne7 66.
Be6 c4 67. h5 Kc5 68. Kc2 Kd4 69. Bf7 Nd5 70. Be6 Nxf4 71. Bf7 Nd5 0-1

[Event "I Weekend A"]
[Site "Noale ITA"]
[Date "2008.02.10"]
[Round "4"]
[White "Bonafede, Alessandro"]
[Black "Xia, Jie"]
[Result "1-0"]
[WhiteElo "2299"]
[BlackElo "2222"]
[PlyCount "91"]
[EventDate "2008.02.08"]

1. e4 Nf6 2. e5 Nd5 3. d4 d6 4. Nf3 Bg4 5. Be2 e6 6. O-O c6 7. c4 Bxf3 8. Bxf3
Ne7 9. exd6 Qxd6 10. Nc3 Ng6 11. d5 Be7 12. Ne4 Qd8 13. Qb3 Qb6 14. dxe6 fxe6
15. Bg4 Qxb3 16. axb3 Kf7 17. Be3 Na6 18. Rfd1 Rhd8 19. Rxd8 Rxd8 20. Bxa7 Bf6
21. Nxf6 gxf6 22. Rd1 Rxd1+ 23. Bxd1 f5 24. Bd4 e5 25. Bc3 Ke6 26. b4 b5 27.
Bb3 Kf6 28. g3 f4 29. Kg2 Nc7 30. cxb5 cxb5 31. Kf3 fxg3 32. fxg3 Kf5 33. Bc2+
Ke6 34. Ke4 Ne8 35. Bb3+ Kd6 36. h4 Nf6+ 37. Kf5 Nh5 38. Be1 Ne7+ 39. Kg5 Ng7
40. Kh6 Ngf5+ 41. Kxh7 Nd4 42. Bd1 Nef5 43. Bf2 e4 44. Bxd4 Nxd4 45. g4 Nf3 46.
h5 1-0

[Event "I Weekend A"]
[Site "Noale ITA"]
[Date "2008.02.10"]
[Round "4"]
[White "Bozzao, Francesco"]
[Black "Coqueraut, Jean Dominique"]
[Result "1/2-1/2"]
[WhiteElo "1917"]
[BlackElo "2013"]
[PlyCount "63"]
[EventDate "2008.02.08"]

1. d4 d5 2. c4 c6 3. Nc3 Nf6 4. Nf3 e6 5. Bg5 Be7 6. e3 Nbd7 7. Bd3 h6 8. Bh4
O-O 9. O-O b6 10. Rb1 Bb7 11. b4 dxc4 12. Bxc4 Nd5 13. Bxe7 Qxe7 14. Nxd5 cxd5
15. Bd3 Rac8 16. a4 Rc7 17. a5 Rfc8 18. a6 Ba8 19. Re1 e5 20. dxe5 Nxe5 21. Bf5
Nxf3+ 22. Qxf3 Re8 23. Qd1 Qe5 24. Bd3 Bc6 25. Rc1 Rec8 26. b5 Bd7 27. Rxc7
Rxc7 28. Qd2 Qe8 29. Rc1 Qc8 30. Rxc7 Qxc7 31. g3 Qc5 32. Qb2 1/2-1/2

[Event "I Weekend A"]
[Site "Noale ITA"]
[Date "2008.02.10"]
[Round "4"]
[White "Cecchetto, Vanni"]
[Black "Vianello, Enrico"]
[Result "0-1"]
[WhiteElo "1956"]
[BlackElo "2161"]
[PlyCount "66"]
[EventDate "2008.02.08"]

1. Nf3 d5 2. d4 Nc6 3. c4 Bg4 4. Nc3 e6 5. Bg5 Be7 6. Bxe7 Ngxe7 7. e3 O-O 8.
Rc1 Rb8 9. Bd3 f5 10. h3 Bxf3 11. Qxf3 e5 12. cxd5 exd4 13. dxc6 dxc3 14. Bc4+
Kh8 15. Rd1 cxb2 16. cxb7 Qe8 17. O-O Ng6 18. Bd5 Qb5 19. Bc6 Qa6 20. Bd5 c6
21. Bb3 Rxb7 22. Qg3 c5 23. Bd5 Rbb8 24. e4 f4 25. Qc3 Qb6 26. Bb3 a5 27. Rd7
Qf6 28. Qxc5 a4 29. Bc2 Rbc8 30. Rc7 Rxc7 31. Qxc7 f3 32. g3 Qe6 33. Kh2 Rc8
0-1

[Event "I Weekend A"]
[Site "Noale ITA"]
[Date "2008.02.10"]
[Round "4"]
[White "Codenotti, Marco"]
[Black "Marchiori, Diego"]
[WhiteElo "1992"]
[BlackElo "2077"]
[Result "1-0"]
[PlyCount "63"]
[EventDate "2008.02.08"]

1. e4 Nf6 2. e5 Nd5 3. d4 d6 4. c4 Nb6 5. exd6 cxd6 6. Nc3 g6 7. Be3 Bg7 8. Rc1
O-O 9. b3 Nc6 10. d5 Ne5 11. Be2 f5 12. f4 Ng4 13. Bxg4 fxg4 14. Nge2 Nd7 15.
O-O Nf6 16. Nd4 g3 17. h3 Bh6 18. Qd2 Bf5 19. Nxf5 gxf5 20. Rf3 Kh8 21. Rxg3
Rg8 22. Rxg8+ Qxg8 23. Re1 Qg6 24. Re2 Rg8 25. Bd4 Rg7 26. Qe3 a6 27. c5 dxc5
28. Bxc5 Nh5 29. Bd4 Nxf4 30. Bxg7+ Qxg7 31. Qf3 Qxc3 32. Qxc3+ 1-0

[Event "I Weekend A"]
[Site "Noale ITA"]
[Date "2008.02.10"]
[Round "4"]
[White "Del Monaco, Andrea"]
[Black "Pastres, Roberto"]
[Result "1/2-1/2"]
[WhiteElo "2263"]
[BlackElo "2123"]
[PlyCount "51"]
[EventDate "2008.02.08"]

1. e4 c5 2. Nf3 Nc6 3. Bb5 Qb6 4. Nc3 e6 5. O-O Nge7 6. Re1 a6 7. Bxc6 Nxc6 8.
d4 cxd4 9. Nd5 exd5 10. exd5+ Ne7 11. Ng5 h6 12. Ne4 f5 13. Nd2 Kf7 14. Nc4 Qc5
15. b3 b5 16. Ba3 b4 17. d6 Nc6 18. Qf3 g6 19. Bxb4 Nxb4 20. Re5 Qa7 21. Rxf5+
gxf5 22. Qxf5+ Kg8 23. Qg6+ Bg7 24. Qe8+ Kh7 25. Qe4+ Kg8 26. Qe8+ 1/2-1/2

[Event "I Weekend A"]
[Site "Noale ITA"]
[Date "2008.02.10"]
[Round "4"]
[White "Gallo, Enrico"]
[Black "Scali, Fausto"]
[Result "0-1"]
[WhiteElo "2066"]
[BlackElo "2029"]
[PlyCount "46"]
[EventDate "2008.02.08"]

1. e4 c5 2. Nf3 e6 3. d4 cxd4 4. Nxd4 a6 5. Nc3 Qc7 6. g3 Nf6 7. Bg2 Nc6 8. Be3
Be7 9. O-O O-O 10. h3 b5 11. e5 Ne8 12. f4 Bb7 13. Nb3 d6 14. exd6 Nxd6 15. Qe2
Nc4 16. Bc5 Nxb2 17. f5 Bxc5+ 18. Nxc5 Nd4 19. Qf2 Bxg2 20. Qxd4 Bxf1 21. Kxf1
Qxg3 22. f6 Qxh3+ 23. Ke2 Qg2+ 0-1

[Event "I Weekend A"]
[Site "Noale ITA"]
[Date "2008.02.10"]
[Round "4"]
[White "Gromovs, Sergejs"]
[Black "Lazic, Miroljub"]
[WhiteElo "2378"]
[BlackElo "2512"]
[Result "0-1"]
[PlyCount "60"]
[EventDate "2008.02.08"]

1. d4 d6 2. e4 Nf6 3. Nc3 e5 4. Nf3 Nbd7 5. Bc4 Be7 6. g4 Nxg4 7. Rg1 Nb6 8.
Bb3 Bf6 9. d5 h5 10. Qe2 g6 11. Bd2 Bd7 12. a4 a6 13. O-O-O Bg7 14. Kb1 Nf6 15.
Ng5 Qe7 16. a5 Nc8 17. Qc4 Kd8 18. Ne6+ fxe6 19. dxe6 b5 20. Qd3 Bxe6 21. Bxe6
Qxe6 22. Rxg6 Rh7 23. Rdg1 Bh8 24. Nd5 Ne7 25. Nxe7 Rxe7 26. Bg5 Kd7 27. Bh4
Rf8 28. R1g5 Rg8 29. Qf3 Rxg6 30. Rxg6 Rg7 0-1

[Event "I Weekend A"]
[Site "Noale ITA"]
[Date "2008.02.10"]
[Round "4"]
[White "Omeri, Silvan"]
[Black "Vezzosi, Paolo"]
[WhiteElo "2191"]
[BlackElo "2343"]
[Result "0-1"]
[PlyCount "102"]
[EventDate "2008.02.08"]

1. Nf3 d5 2. c4 d4 3. d3 c5 4. e3 Nc6 5. exd4 cxd4 6. g3 Nf6 7. Bg2 g6 8. O-O
Bg7 9. Re1 O-O 10. Bg5 h6 11. Bxf6 Bxf6 12. Qd2 Kg7 13. b4 a6 14. a3 Bf5 15.
Qc2 Re8 16. Nbd2 e5 17. Ne4 Be7 18. b5 axb5 19. cxb5 Na7 20. Qb2 f6 21. Nfd2
Qa5 22. Reb1 Nc8 23. Nc4 Qa4 24. Bf3 Be6 25. Ned2 Rb8 26. Bd1 Qa7 27. b6 Qa6
28. a4 Nd6 29. Bb3 Nf7 30. Qa2 Bb4 31. a5 Bc3 32. Ba4 Rf8 33. Bb5 Qa8 34. Qa4
Bxa1 35. Rxa1 Bd5 36. Qb4 Ng5 37. Ra3 Rbd8 38. h4 Nh3+ 39. Kf1 Qc8 40. f3 g5
41. a6 gxh4 42. axb7 Qe6 43. b8=Q Rxb8 44. Ra7+ Rb7 45. Rxb7+ Bxb7 46. Nd6 hxg3
47. Ne8+ Rxe8 48. Bxe8 Qxe8 49. Qd6 Nf4 50. Ne4 Bxe4 51. fxe4 Qb5 0-1

[Event "I Weekend A"]
[Site "Noale ITA"]
[Date "2008.02.10"]
[Round "4"]
[White "Pomaro, Alberto"]
[Black "Cacco, Christian"]
[Result "1-0"]
[WhiteElo "2153"]
[BlackElo "2284"]
[PlyCount "61"]
[EventDate "2008.02.08"]

1. e4 c5 2. Nf3 e6 3. d4 cxd4 4. Nxd4 Nf6 5. Nc3 d6 6. g4 h6 7. h3 a6 8. Bg2
Qc7 9. Be3 Bd7 10. Qe2 Nc6 11. f4 Rc8 12. O-O-O Be7 13. Kb1 b5 14. Qf2 Nxd4 15.
Rxd4 Bc6 16. Rhd1 Nd7 17. Qg3 g5 18. R4d2 b4 19. Ne2 e5 20. fxe5 dxe5 21. Qf2
Rg8 22. Rf1 f6 23. Ng3 Bb5 24. Rfd1 Rh8 25. Qf5 Nf8 26. Bf1 Bd7 27. Qf2 Qc6 28.
Nf5 Rh7 29. Nd6+ Kd8 30. Bb6+ Rc7 31. Bxa6 1-0

[Event "I Weekend A"]
[Site "Noale ITA"]
[Date "2008.02.10"]
[Round "4"]
[White "Rigo, Gianfrancesco"]
[Black "Cardili, Mariano"]
[WhiteElo "2031"]
[BlackElo "2097"]
[Result "1-0"]
[PlyCount "73"]
[EventDate "2008.02.08"]

1. e4 e6 2. d4 d5 3. Nc3 Nf6 4. Bg5 Be7 5. e5 Nfd7 6. Bxe7 Qxe7 7. f4 O-O 8.
Nf3 c5 9. dxc5 Nc6 10. Qd2 Qxc5 11. O-O-O Nb6 12. Kb1 Bd7 13. Bd3 Rac8 14. Nb5
f6 15. Nd6 Rc7 16. c3 a5 17. Qe2 a4 18. h4 f5 19. g4 Ne7 20. Nd4 Nbc8 21. gxf5
exf5 22. N6b5 Bxb5 23. Bxb5 Qb6 24. Bxa4 Rxc3 25. Bb3 Rc5 26. Rhg1 Kh8 27. Qg2
g6 28. h5 Rg8 29. Qh3 Rc7 30. Qh4 gxh5 31. Rxg8+ Nxg8 32. Qxh5 Nce7 33. Nxf5
Ng6 34. Qg5 Qf2 35. Qd8 Qc5 36. Nh6 Qe7 37. Qxg8# 1-0

[Event "I Weekend A"]
[Site "Noale ITA"]
[Date "2008.02.10"]
[Round "4"]
[White "Ruggeri, Pietro"]
[Black "Dussin, Davide"]
[Result "1-0"]
[WhiteElo "2112"]
[BlackElo "1899"]
[PlyCount "89"]
[EventDate "2008.02.08"]

1. d4 Nf6 2. Nf3 g6 3. c3 Bg7 4. Bg5 O-O 5. Nbd2 b6 6. e3 Bb7 7. Bc4 e6 8. O-O
d6 9. Re1 Nbd7 10. Qe2 h6 11. Bh4 g5 12. Bg3 Nh5 13. Rad1 Nxg3 14. hxg3 a5 15.
e4 Qe7 16. Nf1 c5 17. d5 exd5 18. Bxd5 Bxd5 19. Rxd5 Nf6 20. Rdd1 Rfe8 21. Qb5
Qc7 22. Ne3 Rxe4 23. Nc4 Rxc4 24. Qxc4 d5 25. Qb5 Rd8 26. Ne5 Rd6 27. Qd3 Re6
28. Nf3 Qd6 29. Qf5 Kf8 30. Ne5 Kg8 31. Ng4 Nxg4 32. Qxg4 d4 33. Rxe6 fxe6 34.
cxd4 Bxd4 35. Re1 e5 36. Re2 Kg7 37. b3 Qc6 38. Qf5 b5 39. Kh2 c4 40. bxc4 bxc4
41. f4 gxf4 42. gxf4 Qg6 43. Qxg6+ Kxg6 44. fxe5 Kf7 45. Re4 1-0

[Event "I Weekend A"]
[Site "Noale ITA"]
[Date "2008.02.10"]
[Round "4"]
[White "Scalcione, Michelangelo"]
[Black "Genocchio, Daniele"]
[Result "1-0"]
[WhiteElo "2431"]
[BlackElo "2425"]
[PlyCount "69"]
[EventDate "2008.02.08"]

1. Nf3 e6 2. c4 b6 3. g3 Bb7 4. Bg2 Nf6 5. O-O Be7 6. d3 O-O 7. e4 d6 8. Nc3 c5
9. Re1 Nc6 10. d4 cxd4 11. Nxd4 Rc8 12. b3 Qc7 13. Bb2 Rfd8 14. Rc1 Ne5 15. Qe2
Bf8 16. f4 Ned7 17. f5 exf5 18. Nd5 Bxd5 19. cxd5 Qb7 20. Nxf5 Re8 21. Rxc8
Qxc8 22. Rc1 Qd8 23. b4 g6 24. Nd4 Nxd5 25. Qd2 Ne7 26. Nb5 Ne5 27. Nc7 N7c6
28. Nxe8 Qxe8 29. b5 Na5 30. Qd5 h5 31. Bh3 Qe7 32. Rc8 Nb7 33. Bf1 Kh7 34.
Rxf8 Qxf8 35. Qxb7 1-0

[Event "I Weekend A"]
[Site "Noale ITA"]
[Date "2008.02.10"]
[Round "4"]
[White "Solinas, Carlo"]
[Black "Zangrando, Gianpietro"]
[WhiteElo "2047"]
[BlackElo "1830"]
[Result "1-0"]
[PlyCount "63"]
[EventDate "2008.02.08"]

1. e4 e6 2. d4 d5 3. Nc3 Bb4 4. e5 Bd7 5. Qg4 Bf8 6. Nf3 Nc6 7. a3 Qe7 8. Bd3
O-O-O 9. b4 f6 10. b5 Na5 11. O-O f5 12. Qg3 h6 13. Bxf5 exf5 14. Nxd5 Qf7 15.
e6 Bxe6 16. Ne5 Bd6 17. Nxf7 Bxg3 18. Nxh8 Bxd5 19. hxg3 Ne7 20. Re1 Kd7 21.
Bd2 Nc4 22. Bb4 Nd6 23. c4 Bxc4 24. Rac1 Bd5 25. Rxe7+ Kxe7 26. Ng6+ Kf6 27.
Nf4 Nxb5 28. a4 Nxd4 29. Rxc7 Nc6 30. Bc3+ Ne5 31. Nxd5+ Rxd5 32. f4 1-0

[Event "I Weekend A"]
[Site "Noale ITA"]
[Date "2008.02.10"]
[Round "4"]
[White "Verducci, Gianni"]
[Black "Vincenzi, Marco"]
[WhiteElo "2018"]
[BlackElo "2074"]
[Result "0-1"]
[PlyCount "102"]
[EventDate "2008.02.08"]

1. e4 c5 2. Nc3 Nc6 3. Nge2 g6 4. g3 Bg7 5. Bg2 e6 6. O-O Nge7 7. d3 a6 8. Bg5
b5 9. Qd2 Qa5 10. Bh6 Bd4 11. Nxd4 cxd4 12. Ne2 Qxd2 13. Bxd2 e5 14. f4 d6 15.
f5 Ra7 16. fxg6 hxg6 17. Rf6 Be6 18. Raf1 Ng8 19. R6f2 f6 20. a3 Rah7 21. h4
Ke7 22. c3 dxc3 23. bxc3 Rf7 24. d4 Bc4 25. d5 Na5 26. Bf3 Nb3 27. Be3 Nc5 28.
Bxc5 dxc5 29. Kg2 f5 30. Re1 Nf6 31. exf5 gxf5 32. Nf4 Kd6 33. Rxe5 Kxe5 34.
Ng6+ Kd6 35. Nxh8 Rg7 36. h5 Bxd5 37. Bxd5 Nxd5 38. Rd2 Kc6 39. Ng6 Nxc3 40.
Ne5+ Kb6 41. h6 Rh7 42. Rd6+ Ka5 43. Nd7 Ne4 44. Rd5 Rxh6 45. Nxc5 Nxc5 46.
Rxc5 Ka4 47. Rc3 a5 48. Kf3 b4 49. axb4 axb4 50. Rc5 b3 51. Rc7 Rb6 0-1

[Event "I Weekend A"]
[Site "Noale ITA"]
[Date "2008.02.10"]
[Round "5"]
[White "Cacco, Christian"]
[Black "Codenotti, Marco"]
[WhiteElo "2284"]
[BlackElo "1992"]
[Result "1/2-1/2"]
[PlyCount "23"]
[EventDate "2008.02.08"]

1. d4 Nf6 2. Nf3 g6 3. c4 Bg7 4. Nc3 O-O 5. g3 d6 6. Bg2 Nbd7 7. O-O e5 8. h3
Qe7 9. Bg5 h6 10. Nd5 Qd8 11. Nxf6+ Nxf6 12. Be3 1/2-1/2

[Event "I Weekend A"]
[Site "Noale ITA"]
[Date "2008.02.10"]
[Round "5"]
[White "Coqueraut, Jean Dominique"]
[Black "Dussin, Davide"]
[Result "0-1"]
[WhiteElo "2013"]
[BlackElo "1899"]
[PlyCount "92"]
[EventDate "2008.02.08"]

1. d4 Nf6 2. c4 g6 3. Nc3 Bg7 4. e4 d6 5. f4 O-O 6. Be2 c5 7. d5 e6 8. Nf3 exd5
9. cxd5 Bg4 10. O-O Nbd7 11. h3 Bxf3 12. Bxf3 Re8 13. Qc2 a6 14. a4 Rb8 15. g4
h6 16. Qg2 Nh7 17. Be3 b5 18. axb5 axb5 19. Ra6 Rb6 20. Rfa1 Qc7 21. Ra7 Rb7
22. Nxb5 Rxa7 23. Nxc7 Rxa1+ 24. Kh2 Rb8 25. Be2 Rxb2 26. Kg3 Raa2 27. Kf3 Rxe2
28. Qxe2 Rxe2 29. Kxe2 Kf8 30. Kd3 Ke7 31. Nb5 g5 32. f5 Ne5+ 33. Ke2 Nf8 34.
Bd2 Nfd7 35. Ba5 Nc4 36. Be1 Bb2 37. Na7 Ndb6 38. Nc6+ Kf6 39. h4 Ne5 40. hxg5+
hxg5 41. Bg3 Nbc4 42. Nxe5 Bxe5 43. Be1 Ke7 44. Kd3 Nb2+ 45. Kc2 Kd7 46. Ba5
Nc4 0-1

[Event "I Weekend A"]
[Site "Noale ITA"]
[Date "2008.02.10"]
[Round "5"]
[White "Djuric, Stefan"]
[Black "Scalcione, Michelangelo"]
[Result "1/2-1/2"]
[WhiteElo "2448"]
[BlackElo "2431"]
[PlyCount "35"]
[EventDate "2008.02.08"]

1. Nf3 d6 2. d4 Bg4 3. e4 Nf6 4. Nc3 e6 5. Be2 c6 6. O-O d5 7. e5 Nfd7 8. Ng5
Bxe2 9. Qxe2 Be7 10. Qh5 Bxg5 11. Bxg5 Qb6 12. Ne2 c5 13. c4 dxc4 14. d5 O-O
15. dxe6 Qxe6 16. Nf4 Qxe5 17. Rfe1 Qxb2 18. Rab1 1/2-1/2

[Event "I Weekend A"]
[Site "Noale ITA"]
[Date "2008.02.10"]
[Round "5"]
[White "Lazic, Miroljub"]
[Black "Mateo, Ramon"]
[WhiteElo "2512"]
[BlackElo "2484"]
[Result "1/2-1/2"]
[PlyCount "32"]
[EventDate "2008.02.08"]

1. Nf3 Nf6 2. b3 d5 3. e3 Bg4 4. Bb2 Nbd7 5. c4 e6 6. Be2 c6 7. O-O Bd6 8. d4
Ne4 9. Ne5 Bxe2 10. Qxe2 Nxe5 11. dxe5 Be7 12. Rd1 Qb6 13. Bd4 Qa6 14. Qc2 O-O
15. f3 Nc5 16. Nd2 b6 1/2-1/2

[Event "I Weekend A"]
[Site "Noale ITA"]
[Date "2008.02.10"]
[Round "5"]
[White "Pastres, Roberto"]
[Black "Omeri, Silvan"]
[Result "0-1"]
[WhiteElo "2123"]
[BlackElo "2191"]
[PlyCount "70"]
[EventDate "2008.02.08"]

1. Nf3 Nf6 2. b3 c5 3. Bb2 Nc6 4. c4 e6 5. e3 a6 6. Be2 Rb8 7. O-O b5 8. Na3 b4
9. Nc2 Be7 10. d4 d6 11. Bd3 O-O 12. e4 cxd4 13. Nfxd4 Nxd4 14. Nxd4 Qb6 15.
Qe2 Nd7 16. Rad1 Nc5 17. Bc2 Rd8 18. Kh1 e5 19. Nf5 Bf8 20. f4 f6 21. Ne3 Be6
22. Nd5 Qb7 23. Qf2 a5 24. Qh4 Kh8 25. Rf3 Re8 26. Rdf1 Qd7 27. Rg3 Rb7 28. Re1
Ra8 29. Bd1 a4 30. Bh5 axb3 31. fxe5 fxe5 32. axb3 Bxd5 33. cxd5 Be7 34. Qg4
Qxg4 35. Bxg4 Bh4 0-1

[Event "I Weekend A"]
[Site "Noale ITA"]
[Date "2008.02.10"]
[Round "5"]
[White "Scali, Fausto"]
[Black "Gromovs, Sergejs"]
[WhiteElo "2029"]
[BlackElo "2378"]
[Result "1-0"]
[PlyCount "53"]
[EventDate "2008.02.08"]

1. e4 e5 2. Nf3 Nc6 3. Nc3 Nf6 4. d4 exd4 5. Nxd4 Bb4 6. Nxc6 bxc6 7. Bd3 h6 8.
O-O d6 9. Be3 O-O 10. h3 Re8 11. Qf3 a5 12. Ne2 a4 13. c3 Ba5 14. e5 Rxe5 15.
Qxc6 Bd7 16. Qf3 Rb8 17. b4 Bb6 18. Nd4 Nd5 19. Bc4 c6 20. Rad1 Bxd4 21. Bxd4
Rf5 22. Qg3 Rg5 23. Qf3 Bxh3 24. Qxh3 Nf4 25. Qf3 d5 26. Qxf4 dxc4 27. Be5 1-0

[Event "I Weekend A"]
[Site "Noale ITA"]
[Date "2008.02.10"]
[Round "5"]
[White "Vezzosi, Paolo"]
[Black "Bonafede, Alessandro"]
[WhiteElo "2343"]
[BlackElo "2299"]
[Result "0-1"]
[PlyCount "66"]
[EventDate "2008.02.08"]

1. e4 c5 2. Nf3 Nc6 3. Bb5 g6 4. O-O Bg7 5. Re1 Nf6 6. c3 O-O 7. h3 Qb6 8. Na3
Rd8 9. d3 a6 10. Ba4 Qc7 11. e5 Nd5 12. Bb3 Nb6 13. Bf4 Rf8 14. Qd2 d6 15. d4
cxd4 16. cxd4 d5 17. Rac1 Be6 18. Bh6 Qd7 19. Qf4 Rae8 20. Qh4 f6 21. Nc2 g5
22. Bxg5 fxg5 23. Nxg5 h6 24. Nxe6 Qxe6 25. Ne3 Qf7 26. Rc3 Nxd4 27. Nxd5 Nxd5
28. Qxd4 e6 29. Rf3 Qd7 30. Rxf8+ Rxf8 31. g3 Qf7 32. f4 Rd8 33. Bc2 Qc7 0-1